00931cam a2200241 a 45000010009000000050017000090080041000260200025000670200022000920500021001140820016001351000032001512450051001832500017002342600081002513000047003326500054003796500039004336500052004729420024005249990015005489520126005631733174520250223195343.0120531s2013 paua b 001 0 eng  a9781451128345 (pbk.) a1451128347 (pbk.)00aRM300b.K37 201300a615.5/82231 aKarch, Amy Morrison,d1949-10aFocus on nursing pharmacology /cAmy M. Karch. a6th edition. aPhiladelphia :bWolters Kluwer Health/Lippincott Williams & Wilkins,c[2013] axvii, 1056 pages :billustrations ;c28 cm12aPharmaceutical PreparationsvNurses' Instruction.22aDrug TherapyvNurses' Instruction.22aPharmacological PhenomenavNurses' Instruction. 2lcccBKe6th ed.n0 c4240d4240 00102lcc40708NFICaMSLbMSLcGENd2025-02-23l0oRM121 .K373 KARpSLM00003943r2025-02-23 19:54:30t1w2025-02-23yBK